Những mẫu nhà hiện đại

Gespeichert in:
Bibliographische Detailangaben
1. Verfasser: Nguyễn, Quốc Cường
Format: Buch
Sprache:Undetermined
Veröffentlicht: Đồng Nai Tổng hợp Đồng Nai 2004
Schlagworte:
Tags: Tag hinzufügen
Keine Tags, Fügen Sie den ersten Tag hinzu!
Thư viện lưu trữ: Trung tâm Học liệu Trường Đại học Cần Thơ
LEADER 00592nam a2200193Ia 4500
001 CTU_73912
008 210402s9999 xx 000 0 und d
020 |b 46000 
082 |a 720.22 
082 |b C561 
100 |a Nguyễn, Quốc Cường 
245 0 |a Những mẫu nhà hiện đại 
245 0 |c Nguyễn Quốc Cường 
260 |a Đồng Nai 
260 |b Tổng hợp Đồng Nai 
260 |c 2004 
650 |a Architecture, domestic,Design and construction 
904 |i Năm, QHEU 
980 |a Trung tâm Học liệu Trường Đại học Cần Thơ